| 000 | 00000nam##2200000za#4500 |
| 001 | 9.567847 |
| 003 | CaOODSP |
| 005 | 20210624180958 |
| 007 | cr ||||||||||| |
| 008 | 150406|2001||||xxc|||||o f|0| 0 eng|d |
| 040 | |aCaOODSP|beng |
| 043 | |an-cn--- |
| 086 | 1 |aBT31-2/2001-III-105E-PDF |
| 110 | 1 |aCanada. |bTreasury Board. |
| 245 | 10|aCanadian Food Inspection Agency, 2000-2001 estimates, part III, report on plans and priorities |h[electronic resource] |
| 246 | 3 |aCanadian Food Inspection Agency, report on plans and priorities 2000-2001 |
| 260 | |aOttawa - Ontario : |bTreasury Board of Canada Secretariat |cc2000. |
| 300 | |a39p.|borganization chart, tables, index |
| 490 | 1 |a2000-2001 estimates. Part III, Report on plans and priorities |v2000-2001 |
| 500 | |aThe catalogue number (BT31-2/2001-III-105) and ISBN (0-660-61222-4) for the bilingual print edition have been incorrectly copied in this electronic publication. |
| 590 | |a10-13-Supp|b2010-11-23 |
| 775 | 08|tAgence canadienne d'inspection des aliments, budget des dépenses 2000-2001, partie III, rapport sur les plans et les priorités |w(CaOODSP)9.599168 |
| 776 | 0#|tCanadian Food Inspection Agency |w(CaOODSP)9.533286 |
| 776 | 0#|tAgence canadienne d'inspection des aliments |w(CaOODSP)9.533287 |
| 830 | #0|a2000-2001 estimates. Part III, Report on plans and priorities ;|v2000-2001|w(CaOODSP)9.506160 |
| 856 | 40|ahttp://publications.gc.ca|qPDF|s703 KB|uhttps://publications.gc.ca/collections/Collection/BT31-2-2001-III-105E.pdf|y2000-2001 |